О методе исследования пластической деформации [латуни] измерением твердости; Заводская лаборатория; Т. 31, № 8

Detalhes bibliográficos
Parent link:Заводская лаборатория/ Министерство металлургической промышленности СССР.— , 1932-1994.— 0321-4265
Т. 31, № 8.— 1965.— с. 1011-1013
Autor principal: Куфарев Г. Л.
Outros Autores: Дель Г. Д., Гольдшмидт М. Г.
Idioma:russo
Publicado em: 1965
Assuntos:
Formato: MixedMaterials Capítulo de Livro
KOHA link:https://koha.lib.tpu.ru/cgi-bin/koha/opac-detail.pl?biblionumber=442523

MARC

LEADER 00000naa2a2200000 4500
001 442523
005 20241226132706.0
035 |a (RuTPU)RU\TPU\prd\104139 
035 |a RU\TPU\tpu\3382 
090 |a 442523 
100 |a 20110329d1965 k||y0rusy50 ca 
101 0 |a rus 
102 |a RU 
200 1 |a О методе исследования пластической деформации [латуни] измерением твердости  |f Г. Л. Куфарев, Г. Д. Дель, М. Г. Гольдшмидт 
461 |0 (RuTPU)RU\TPU\prd\169  |x 0321-4265  |t Заводская лаборатория  |f Министерство металлургической промышленности СССР  |d 1932-1994 
463 |0 (RuTPU)RU\TPU\prd\104138  |t Т. 31, № 8  |v с. 1011-1013  |d 1965 
610 1 |a техника 
610 1 |a труды учёных ТПУ 
610 1 |a промышленность 
610 1 |a общетехнические дисциплины 
700 1 |a Куфарев  |b Г. Л. 
701 1 |a Дель  |b Г. Д. 
701 1 |a Гольдшмидт  |b М. Г. 
801 0 |a RU  |b 63413507  |c 20011210  |g PSBO 
801 2 |a RU  |b 63413507  |c 20110329  |g PSBO 
942 |c CR